000 00705nam a2200181Ia 4500
008 090630s9999 xx 000 0 und d
082 _b10650
100 _aडॉ. मालेवार जी. यु.
245 _aपरभणी टू मॉस्को.
_cडॉ. मालेवार जी. यु.
260 _bसौ. मालेवार वसुधा - परभणी.
_c1990
300 _a51
600 _aडॉ. मालेवार जी. यु.
630 _aपरभणी टू मॉस्को.
655 _aप्रवास.
700 _aडॉ. मालेवार जी. यु.
730 _aपरभणी टू मॉस्को.
942 _cBOOK
999 _c262506
_d262506